<?xml version="1.0" encoding="UTF-8"?>
<record
    xmlns:xsi="http://www.w3.org/2001/XMLSchema-instance"
    xsi:schemaLocation="http://www.loc.gov/MARC21/slim http://www.loc.gov/standards/marcxml/schema/MARC21slim.xsd"
    xmlns="http://www.loc.gov/MARC21/slim">

  <leader>02795cam a2200361   4500500</leader>
  <controlfield tag="005">20260405004705.0</controlfield>
  <datafield tag="041" ind1=" " ind2=" ">
    <subfield code="a">fre</subfield>
  </datafield>
  <datafield tag="042" ind1=" " ind2=" ">
    <subfield code="a">dc</subfield>
  </datafield>
  <datafield tag="100" ind1="1" ind2="0">
    <subfield code="a">Carton, Tabatha</subfield>
    <subfield code="e">author</subfield>
  </datafield>
  <datafield tag="700" ind1="1" ind2="0">
    <subfield code="a">Martin, Yris</subfield>
    <subfield code="e">author</subfield>
  </datafield>
  <datafield tag="700" ind1="1" ind2="0">
    <subfield code="a">Bossut, Elise</subfield>
    <subfield code="e">author</subfield>
  </datafield>
  <datafield tag="700" ind1="1" ind2="0">
    <subfield code="a">Lejeune, &#xC9;line</subfield>
    <subfield code="e">author</subfield>
  </datafield>
  <datafield tag="700" ind1="1" ind2="0">
    <subfield code="a">Gianoultsis, Elena</subfield>
    <subfield code="e">author</subfield>
  </datafield>
  <datafield tag="700" ind1="1" ind2="0">
    <subfield code="a">Joertz, Floriane</subfield>
    <subfield code="e">author</subfield>
  </datafield>
  <datafield tag="700" ind1="1" ind2="0">
    <subfield code="a">Glineur, Charles</subfield>
    <subfield code="e">author</subfield>
  </datafield>
  <datafield tag="245" ind1="0" ind2="0">
    <subfield code="a">Les paradoxes de&#xA0;l&#x2019;&#xE9;ducation autodirig&#xE9;e dans&#xA0;les&#xA0;&#xE9;coles d&#xE9;mocratiques</subfield>
  </datafield>
  <datafield tag="260" ind1=" " ind2=" ">
    <subfield code="c">2026.
							</subfield>
  </datafield>
  <datafield tag="500" ind1=" " ind2=" ">
    <subfield code="a">11</subfield>
  </datafield>
  <datafield tag="520" ind1=" " ind2=" ">
    <subfield code="a">L'article examine les tensions entre l&#x2019;&#xE9;ducation autodirig&#xE9;e des &#xE9;coles d&#xE9;mocratiques en F&#xE9;d&#xE9;ration Wallonie-Bruxelles (FW-B) et le cadre l&#xE9;gislatif encadrant l&#x2019;enseignement &#xE0; domicile auxquelles les familles sont soumises. Ces &#xE9;tablissements pratiquent l'&#xE9;ducation autodirig&#xE9;e, mais les contr&#xF4;les de la FW-B suscitent des inqui&#xE9;tudes chez les parents quant &#xE0; l'acquisition des comp&#xE9;tences de l&#x2019;enfant, car ils peuvent mener &#xE0; sa r&#xE9;int&#xE9;gration dans le syst&#xE8;me traditionnel. Bas&#xE9;e sur des entretiens semi-directifs avec des porteurs de projet de quatre &#xE9;coles d&#xE9;mocratiques, l'&#xE9;tude analyse les strat&#xE9;gies mises en &#x153;uvre par les &#xE9;coles et les familles pour concilier valeurs &#xE9;ducatives et exigences l&#xE9;gislatives et r&#xE9;v&#xE8;le l'instabilit&#xE9; de ces &#xE9;tablissements face aux attentes des parents.</subfield>
  </datafield>
  <datafield tag="520" ind1=" " ind2=" ">
    <subfield code="a">This article explores the tension between self-directed education in democratic schools in the Wallonia-Brussels Federation (FW-B) and the legislative framework governing homeschooling, which families are required to follow. Although these schools promote self-directed learning, FW-B monitoring raises concerns among parents regarding their children&#x2019;s skill acquisition, sometimes prompting reintegration into the traditional school system. Drawing on semi-structured interviews with project leaders from four democratic schools, the study examines the strategies developed jointly by schools and families to reconcile educational values with legislative requirements, while also highlighting the instability of these schools when confronted with parental expectations.</subfield>
  </datafield>
  <datafield tag="690" ind1=" " ind2=" ">
    <subfield code="a">contraintes l&#xE9;gislatives</subfield>
  </datafield>
  <datafield tag="690" ind1=" " ind2=" ">
    <subfield code="a">&#xE9;cole d&#xE9;mocratique</subfield>
  </datafield>
  <datafield tag="690" ind1=" " ind2=" ">
    <subfield code="a">&#xE9;ducation autodirig&#xE9;e</subfield>
  </datafield>
  <datafield tag="690" ind1=" " ind2=" ">
    <subfield code="a">paradoxe</subfield>
  </datafield>
  <datafield tag="690" ind1=" " ind2=" ">
    <subfield code="a">responsabilit&#xE9; &#xE9;ducative</subfield>
  </datafield>
  <datafield tag="690" ind1=" " ind2=" ">
    <subfield code="a">democratic school</subfield>
  </datafield>
  <datafield tag="690" ind1=" " ind2=" ">
    <subfield code="a">educational responsibility</subfield>
  </datafield>
  <datafield tag="690" ind1=" " ind2=" ">
    <subfield code="a">legislative constraint</subfield>
  </datafield>
  <datafield tag="690" ind1=" " ind2=" ">
    <subfield code="a">paradox</subfield>
  </datafield>
  <datafield tag="690" ind1=" " ind2=" ">
    <subfield code="a">self-directed education</subfield>
  </datafield>
  <datafield tag="786" ind1="0" ind2=" ">
    <subfield code="n">Revue internationale de l'&#xE9;ducation familiale | 56 | 2 | 2026-03-30 | p. 217-239 | 1279-7766</subfield>
  </datafield>
  <datafield tag="856" ind1="4" ind2="1">
    <subfield code="u">https://shs.cairn.info/revue-revue-internationale-de-leducation-familiale-2025-2-page-217?lang=fr&amp;redirect-ssocas=7080</subfield>
  </datafield>
  <datafield tag="999" ind1=" " ind2=" ">
    <subfield code="c">2077595</subfield>
    <subfield code="d">2077595</subfield>
  </datafield>
</record>
